000 00491cam a2200193ua 4500
020 _cRs 1.75
041 _aeng
_h
082 _a822
_bLAU/PL
100 _aHousman, Laurence .
245 _aPlays retold : Victioria queen of England /
_cLaurence Housman.
_hTextual Documents
260 _aLondon :
_bOxford University Press ,
_c1964.
300 _a121 ; .
365 _aRs 1.75
504 _a
650 _aDrama
942 _cBK
999 _c506
_d506